Elementos de derecho constitucional. Tomo 1 /

Guardado en:
Autor Principal: Sagüés, Néstor Pedro
Formato: Libro
Idioma:Spanish
Publicado: Buenos Aires : Astrea, 2003
Edición:3a. ed. act. y amp. ; 2a. reimp.
Materias:
Etiquetas: Agregar Etiqueta
Sin Etiquetas, Sea el primero en etiquetar este registro!
LEADER 00583nam a22001695a 4500
001 DER.der000094
008 180615s2003####ag#||||||||||||||#||spa||
005 20251230144832.0
245 1 0 |a Elementos de derecho constitucional.  |n Tomo 1 /  |c Néstor Pedro Sagüés. 
250 |a 3a. ed. act. y amp. ; 2a. reimp. 
260 |a Buenos Aires :  |b Astrea,  |c 2003 
300 |a 706 p. 
020 |a 9505083912 
100 1 |a Sagüés, Néstor Pedro 
650 7 |a DERECHO CONSTITUCIONAL 
859 |a DERECHO  |b BIB. DERECHO  |h 342.02  |i SAG  |p 000886  |3 Tomo I 
859 |a DERECHO  |b BIB. DERECHO  |h 342.02  |i SAG  |p 000887  |t 1  |3 Tomo I